Tilastot visalle Kymenlaakson kunnat kartalla

Klikkaa tästä pelataksesi tätä visaa!

Yleistilastot

  • Tätä visaa on pelattu 2 093 kertaa
  • Keskiarvotulos 5 / 6

Vastaukset kartalla

Vastauksille on annettu kartalla punavihreä väri sen mukaan, kuinka moni on saanut sen oikein.
 

Vastaustilastot

VaakunaVäkilukuKunta% Oikein
v51 011Kotka
97%
v80 167Kouvola
94%
v19 636Hamina
90%
v3015Virolahti
73%
v1819Miehikkälä
68%
v5109Pyhtää
64%

Tulosjakauma

Persentiili vastausten määrän mukaan

Jokaisen tuloksen saaneiden osuus

Tuloshistoriasi

Et ole pelannut tätä visaa